[Event "Ruhrgebiet-ch Seniors 11th"]
[Site "Essen"]
[Date "2004.03.22"]
[Round "7"]
[White "Orth, Roman"]
[Black "Klatt, Theodor"]
[Result "0-1"]
[WhiteElo "1887"]
[BlackElo "1760"]
[PlyCount "59"]
[EventDate "2004.03.08"]
[EventType "swiss"]
[EventRounds "9"]
[EventCountry "GER"]
[SourceTitle "EXT 2006"]
[Source "ChessBase"]
[SourceDate "2005.11.24"]
[SourceVersion "1"]
[SourceVersionDate "2005.11.24"]
[SourceQuality "1"]

1. e4 Nc6 2. d4 d5 3. e5 Bf5 4. Nf3 e6 5. Be2 h6 6. a4 Nge7 7. Bd2 g5 8. c3 Ng6 9. Na3 Bg7 10. g3 Be4 11. h3 0-0 12. 0-0 f6 13. exf6 Qxf6 14. Nh2 Nge7 15. Ng4 Qg6 16. Kh2 e5 17. dxe5 Nxe5 18. f4 Nf7 19. Nb5 c5 20. Be3 b6 21. Nf2 a6 22. Nc7 Rad8 23. Nxa6 Nf5 24. Bh5 Qc6 25. Bd2 Qb7 26. Qe2 N7d6 27. Bg4 Ra8 28. Bxf5 Rxf5 29. g4 Rff8 30. fxg5 0-1

[Event "Ruhrgebiet-ch Seniors 11th"]
[Site "Essen"]
[Date "2004.03.09"]
[Round "2"]
[White "Klatt, Theodor"]
[Black "Maletzki, Heinz"]
[Result "1-0"]
[WhiteElo "1760"]
[BlackElo "1580"]
[PlyCount "71"]
[EventDate "2004.03.08"]
[EventType "swiss"]
[EventRounds "9"]
[EventCountry "GER"]
[SourceTitle "EXT 2006"]
[Source "ChessBase"]
[SourceDate "2005.11.24"]
[SourceVersion "1"]
[SourceVersionDate "2005.11.24"]
[SourceQuality "1"]

1. Nf3 c5 2. g3 Nc6 3. Bg2 e5 4. d3 Be7 5. 0-0 Bf6 6. c4 Nge7 7. Nc3 d5 8. cxd5 Nd4 9. Nd2 Rb8 10. Nde4 0-0 11. Nxf6+ gxf6 12. f4 Kh8 13. fxe5 fxe5 14. Bg5 f5 15. e3 Rg8 16. Bf6+ Rg7 17. Bxe5 Bd7 18. exd4 Ng6 19. Bxg7+ Kxg7 20. dxc5 Qg5 21. d4 Rf8 22. c6 Bc8 23. Qe2 h5 24. Rae1 h4 25. Qf3 f4 26. Re5 Nxe5 27. dxe5 h3 28. gxf4 Qxg2+ 29. Qxg2+ hxg2 30. Kxg2 bxc6 31. dxc6 Kg6 32. Kf3 Kf5 33. Rd1 Rh8 34. Ne2 Rxh2 35. Rd6 Rxe2 36. Rf6# 1-0

[Event "Ruhrgebiet-ch Seniors 10th"]
[Site "Essen"]
[Date "2003.03.24"]
[Round "1"]
[White "Klatt, Theodor"]
[Black "Weddeling, Franz"]
[Result "1-0"]
[WhiteElo "1820"]
[BlackElo "1475"]
[PlyCount "79"]
[EventDate "2003.04.??"]
[EventType "swiss"]
[EventRounds "9"]
[EventCountry "GER"]
[SourceTitle "EXT 2006"]
[Source "ChessBase"]
[SourceDate "2005.11.24"]
[SourceVersion "1"]
[SourceVersionDate "2005.11.24"]
[SourceQuality "1"]

1. c4 Nf6 2. Nc3 g6 3. g3 e6 4. Bg2 c6 5. e4 d6 6. d4 Bg7 7. Nge2 0-0 8. 0-0 Qc7 9. Bg5 Nbd7 10. Qd2 e5 11. Bh6 Re8 12. Bxg7 Kxg7 13. Kh1 Qa5 14. f4 exd4 15. Nxd4 Nc5 16. Rae1 Bd7 17. e5 dxe5 18. fxe5 Ng4 19. Qf4 Rf8 20. Rf3 Rae8 21. h3 Nh6 22. Qf6+ Kg8 23. g4 Be6 24. Qg5 Kg7 25. Qf6+ Kg8 26. Qh4 Kg7 27. Qf6+ Kg8 28. Rfe3 Bxc4 29. Nf5 Nxf5 30. gxf5 Qd8 31. fxg6 Qxf6 32. gxh7+ Kxh7 33. exf6 Rxe3 34. Rxe3 Kg6 35. b4 Ne6 36. Rf3 Ng5 37. Rf4 Bd3 38. h4 Ne6 39. Rf3 Bf5 40. h5+ 1-0

[Event "Ruhr-ch Seniors 9th"]
[Site "Essen"]
[Date "2002.03.13"]
[Round "6"]
[White "Buchal, Werner"]
[Black "Klatt, Theodor"]
[Result "1-0"]
[WhiteElo "1771"]
[BlackElo "1876"]
[PlyCount "68"]
[EventDate "2002.03.??"]
[EventType "swiss"]
[EventRounds "9"]
[EventCountry "GER"]
[SourceTitle "EXT 2006"]
[Source "ChessBase"]
[SourceDate "2005.11.24"]
[SourceVersion "1"]
[SourceVersionDate "2005.11.24"]
[SourceQuality "1"]

1. d4 d6 2. Nf3 g6 3. e4 Bg7 4. Bd3 e5 5. dxe5 dxe5 6. Nbd2 Nc6 7. 0-0 Bg4 8. h3 h5 9. Bb5 Bd7 10. c3 g5 11. Nc4 f6 12. b3 Qe7 13. Qd5 0-0-0 14. Ba3 Qe8 15. Rad1 Nge7 16. Qc5 Bf8 17. Qe3 a6 18. Bxe7 axb5 19. Bxd8 Qxd8 20. Nb2 g4 21. Nh4 Qe8 22. Qd3 Be6 23. Qxb5 gxh3 24. g3 Rg8 25. Kh2 Rg4 26. f3 Rg8 27. Na4 Qe7 28. Rd3 Rxg3 29. Kxg3 Qg7+ 30. Kh2 Qg5 31. Rg1 Qxh4 32. Rg3 Qf4 33. Nc5 Bxc5 34. Qxc5 b6 1-0